AROMATHERAPY (Record no. 24509)

MARC details
000 -LEADER
fixed length control field 00359nam a22001577a 4500
003 - CONTROL NUMBER IDENTIFIER
control field SGT
020 ## - INTERNATIONAL STANDARD BOOK NUMBER
International Standard Book Number 9788120722729
082 ## - DEWEY DECIMAL CLASSIFICATION NUMBER
Classification number 615.321
Item number A10S
100 ## - MAIN ENTRY--PERSONAL NAME
Personal name SHARMA, SUMEET
245 ## - TITLE STATEMENT
Title AROMATHERAPY
260 ## - PUBLICATION, DISTRIBUTION, ETC. (IMPRINT)
Place of publication, distribution, etc NEW DELHI
Name of publisher, distributor, etc STERLING PUB.
Year of Publication 2010
300 ## - PAGE DESCRIPTION
No. of Pages 160
650 ## - SUBJECT ADDED ENTRY--TOPICAL TERM
Topical term or geographic name as entry element NATUROPATHY
653 ## - KEYWORDS--INDEX TERM
Keyword term AROMA, THERAPY, AROMA THERAPY
942 ## - ADDED ENTRY ELEMENTS (KOHA)
Source of classification or shelving scheme Dewey Decimal Classification
Koha item type Books
942 ## - ADDED ENTRY ELEMENTS (KOHA)
-- 1
Holdings
Withdrawn status Lost status Source of classification or shelving scheme Damaged status Use restrictions Not for loan Collection code Home library Current library Shelving location Date acquired Vendor Name Cost, normal purchase price SGTU Bill Number Full call number Accession No. (Barcode) Date last seen Bill Date Koha item type Total Checkouts Date last borrowed
    Dewey Decimal Classification   Restricted Access   AYURVEDA SGT FA-FP Library SGT FA-FP Library Reference Book 31/07/2023 ABC PVT. 50.00 SGTU 16908 615.321 A10S FA11701 31/07/2023 16/06/2023 Books    
    Dewey Decimal Classification       AYURVEDA SGT FA-FP Library SGT FA-FP Library Text Book 31/07/2023 ABC PVT. 50.00 SGTU 16908 615.321 A10S FA11702 29/10/2024 16/06/2023 Books 1 23/10/2024